000 00357nam a2200145Ia 4500
008 240624s9999 xx 000 0 und d
041 _aeng
082 _a005.43 NUT
100 _aNUTT GARY
245 _aOPERATING SYSTEMS A MODERN PERSPECTIVE
250 _a(2nd ed.)
260 _c2003
_aNew Delhi
_bPearson Education
300 _axxvii, : 611
365 _cRS
999 _c160
_d160